| 000 | 00953nam a2200229 i 4500 | ||
|---|---|---|---|
| 001 | 18488 | ||
| 003 | ES-MaACL | ||
| 005 | 20251003063035.0 | ||
| 007 | t| | ||
| 008 | 020109s1896 sp |||| | spa d | ||
| 080 | _a726.6(460) | ||
| 100 | 1 |
_aLampérez y Romea, Vicente, _d1861-1923 _9128639 |
|
| 245 | 1 | 0 |
_aApuntes para un estudio sobre las catedrales españolas _b: conferencia leída por su autor [Vicente Lampérez y Romea] en el Ateneo de Madrid el 17 de marzo de 1896. |
| 260 |
_aMadrid : _b[s.n.], _c1896 ( _fEstab. Tip. de El Nacional, a cargo de B.A. de La Fuente) |
||
| 300 |
_a62 p. ; _c20 cm. |
||
| 610 | 2 | 4 |
_aAteneo de Madrid- _vConferencias- _yS.XIX. _91910 |
| 610 | 2 | 4 |
_aAteneo de Madrid- _vObras digitalizadas. _91930 |
| 650 | 1 | 4 |
_aCatedrales- _zEspaña. _910848 |
| 852 |
_aES-MaACL _jT-888-F-6 |
||
| 856 |
_uhttp://www.ateneodemadrid.net/biblioteca_digital/folletos/Folletos-0003.pdf _zVer documento |
||
| 999 |
_c18488 _d18488 |
||